00369nam a2200109Ia 4500008004100000082001300041100001500054245007700069942000600146952009400152999001300246240331s9999 xx 000 0 und d a297bZAK aZakariua,R 4aThe struggle within Islam :bthe conflict between religion and political cL 001040708LaWERCLbWERCLcSSCd2024-03-31l0o 297 ZAKp576r2024-03-31w2024-03-31yL c949d949